[Event "Dortmund Sparkassen op-A 51st"]
[Site "Dortmund"]
[Date "2024.08.15"]
[Round "6"]
[White "Brotto, Alessandro"]
[Black "Frayna, Janelle Mae"]
[Result "1/2-1/2"]
[WhiteElo "2037"]
[BlackElo "2162"]
[PlyCount "129"]
[EventDate "2024.08.10"]
[EventType "swiss"]
[EventRounds "9"]
[EventCountry "GER"]
[SourceTitle "CBM 221 Extra"]
[Source "ChessBase"]
[SourceDate "2024.09.30"]
[SourceVersion "1"]
[SourceVersionDate "2024.09.30"]
[SourceQuality "1"]

1. e4 g6 2. d4 Bg7 3. Nc3 d6 4. Be3 c6 5. Qd2 Nf6 6. Bd3 b5 7. Bh6 Bxh6 8. Qxh6 b4 9. Nce2 Qa5 10. Nf3 Qh5 11. Qd2 Bg4 12. Qxb4 Bxf3 13. Ng3 Qh4 14. Qb7 0-0 15. Qxa8 Bxg2 16. Rg1 Bf3 17. Qxa7 Qxh2 18. Ne2 Nbd7 19. 0-0-0 Qxf2 20. Rde1 e5 21. Kb1 Bxe2 22. Bxe2 Qxd4 23. Qxd4 exd4 24. Rd1 c5 25. c3 dxc3 26. Rxd6 cxb2 27. Kxb2 Kg7 28. Rf1 Rb8+ 29. Kc2 Rb7 30. Ba6 Nxe4 31. Rxg6+ fxg6 32. Bxb7 Ng3 33. Re1 Nf5 34. a4 Kf6 35. a5 Ne5 36. a6 Nd4+ 37. Kd1 Nb5 38. Rf1+ Ke6 39. Ke2 Nc4 40. Rh1 h5 41. Rc1 Ncd6 42. Rxc5 Na7 43. Rg5 Kf6 44. Rd5 Ke6 45. Rg5 Kf6 46. Rg1 g5 47. Rc1 h4 48. Rc5 g4 49. Ke3 g3 50. Bg2 Ke6 51. Bh3+ Kf6 52. Kf4 Ndb5 53. Rc4 Ke7 54. Ke5 Kd8 55. Ke6 Nc7+ 56. Kd6 Nxa6 57. Rxh4 Nc8+ 58. Kc6 Ne7+ 59. Kd6 Nc8+ 60. Kc6 Ne7+ 61. Kb6 Nc7 62. Rd4+ Ncd5+ 63. Kc5 Ke8 64. Kd6 g2 65. Bxg2 1/2-1/2

[Event "Dortmund Sparkassen op-A 51st"]
[Site "Dortmund"]
[Date "2024.08.13"]
[Round "4"]
[White "Brotto, Alessandro"]
[Black "Panjer, Sidney"]
[Result "1/2-1/2"]
[WhiteElo "2037"]
[BlackElo "2208"]
[PlyCount "49"]
[EventDate "2024.08.10"]
[EventType "swiss"]
[EventRounds "9"]
[EventCountry "GER"]
[SourceTitle "CBM 221 Extra"]
[Source "ChessBase"]
[SourceDate "2024.09.30"]
[SourceVersion "1"]
[SourceVersionDate "2024.09.30"]
[SourceQuality "1"]

1. e4 e5 2. Nf3 Nc6 3. Bb5 a6 4. Ba4 Nf6 5. 0-0 b5 6. Bb3 Bc5 7. a4 Rb8 8. Nxe5 Nxe5 9. d4 Bxd4 10. Qxd4 d6 11. axb5 axb5 12. f4 Nc6 13. Qc3 Ne7 14. Ra7 c5 15. e5 Nfd5 16. Bxd5 Nxd5 17. Qd3 Qb6 18. Rxf7 c4+ 19. Kh1 Kxf7 20. Qxd5+ Be6 21. Qd1 Bf5 22. Qd5+ Be6 23. Qd1 Bf5 24. Qd5+ Be6 25. Qd1 1/2-1/2

[Event "Dortmund Sparkassen op-A 51st"]
[Site "Dortmund"]
[Date "2024.08.11"]
[Round "2"]
[White "Brotto, Alessandro"]
[Black "Heinzel, Thomas"]
[Result "1-0"]
[WhiteElo "2037"]
[BlackElo "1866"]
[PlyCount "59"]
[EventDate "2024.08.10"]
[EventType "swiss"]
[EventRounds "9"]
[EventCountry "GER"]
[SourceTitle "CBM 221 Extra"]
[Source "ChessBase"]
[SourceDate "2024.09.30"]
[SourceVersion "1"]
[SourceVersionDate "2024.09.30"]
[SourceQuality "1"]

1. e4 c5 2. Nf3 e6 3. g3 d5 4. exd5 exd5 5. d4 Nf6 6. Bg2 cxd4 7. 0-0 Be7 8. Nxd4 0-0 9. Nc3 Nc6 10. a3 h6 11. Bf4 Bg4 12. Qd3 Qd7 13. Rfe1 Rac8 14. h3 Bxh3 15. Nxc6 bxc6 16. Bxh3 Qxh3 17. Rxe7 Ng4 18. Qf3 g5 19. Bd6 f5 20. Qg2 Qh5 21. Rae1 d4 22. Nd1 Rfd8 23. R1e6 Rf8 24. Qh1 Qxh1+ 25. Kxh1 Rcd8 26. Rg6+ Kh8 27. f3 Rf6 28. Be5 Nxe5 29. Rxf6 Nxf3 30. Nf2 1-0

[Event "Lancenigo op"]
[Site "Lancenigo"]
[Date "2022.06.21"]
[Round "3"]
[White "Brotto, Alessandro"]
[Black "Bernadskiy, Vitaliy"]
[Result "0-1"]
[WhiteElo "2003"]
[BlackElo "2617"]
[PlyCount "64"]
[EventDate "2022.06.20"]
[EventType "swiss"]
[EventRounds "9"]
[EventCountry "ITA"]
[SourceTitle "EXT 2023"]
[Source "ChessBase"]
[SourceDate "2022.10.05"]
[SourceVersion "1"]
[SourceVersionDate "2022.10.05"]
[SourceQuality "1"]

1. e4 c5 2. Nf3 d6 3. d4 cxd4 4. Nxd4 Nf6 5. Nc3 a6 6. Be3 e5 7. Nb3 Be6 8. f3 Be7 9. Qd2 Nbd7 10. g4 0-0 11. g5 Nh5 12. 0-0-0 b5 13. h4 Nb6 14. Nd5 Bxd5 15. exd5 Ng3 16. Rg1 Nxf1 17. Rdxf1 Nc4 18. Qd3 f5 19. gxf6 Bxf6 20. Bg5 Bxg5+ 21. hxg5 Rf4 22. c3 Qb6 23. Nd2 Nxd2 24. Kxd2 Raf8 25. Rh1 g6 26. Kc2 Qc7 27. Qe3 Qf7 28. Rhg1 b4 29. cxb4 Rxb4 30. Kb1 a5 31. Rc1 Rd4 32. Ka1 Qxd5 0-1

[Event "Verona Primavera op-A 1st"]
[Site "Verona"]
[Date "2021.05.09"]
[Round "4"]
[White "Zenari, Marco"]
[Black "Brotto, Alessandro"]
[Result "1-0"]
[WhiteElo "2127"]
[BlackElo "2028"]
[PlyCount "59"]
[EventDate "2021.05.07"]
[EventType "swiss"]
[EventRounds "5"]
[EventCountry "ITA"]
[SourceTitle "EXT 2022"]
[Source "ChessBase"]
[SourceDate "2021.10.06"]
[SourceVersion "1"]
[SourceVersionDate "2021.10.06"]
[SourceQuality "1"]

1. e4 e5 2. Nf3 Nc6 3. d4 exd4 4. Nxd4 Bc5 5. Nb3 Bb6 6. Nc3 a5 7. Nd5 Qh4 8. Qe2 a4 9. g3 Qd8 10. Nxb6 cxb6 11. Nd2 Nf6 12. Bg2 0-0 13. 0-0 Re8 14. c4 d5 15. cxd5 Nxd5 16. Rd1 Qe7 17. Nb1 Nf6 18. Nc3 Be6 19. h3 Qb4 20. Qb5 Bc4 21. Qxb4 Nxb4 22. a3 Nd3 23. Bf1 Ne5 24. f4 Nf3+ 25. Kf2 Bxf1 26. Kxf1 Nxe4 27. Kg2 Nxc3 28. bxc3 Ne1+ 29. Kf2 Nc2 30. Ra2 1-0

[Event "Verona Primavera op-A 1st"]
[Site "Verona"]
[Date "2021.05.08"]
[Round "2"]
[White "Lumachi, Gabriele"]
[Black "Brotto, Alessandro"]
[Result "1-0"]
[WhiteElo "2329"]
[BlackElo "2028"]
[PlyCount "135"]
[EventDate "2021.05.07"]
[EventType "swiss"]
[EventRounds "5"]
[EventCountry "ITA"]
[SourceTitle "EXT 2022"]
[Source "ChessBase"]
[SourceDate "2021.10.06"]
[SourceVersion "1"]
[SourceVersionDate "2021.10.06"]
[SourceQuality "1"]

1. f4 d5 2. Nf3 c5 3. g3 Nc6 4. Bg2 Nf6 5. 0-0 Bf5 6. c4 e6 7. Qa4 Nd7 8. cxd5 Nb6 9. Qd1 exd5 10. d3 Be7 11. h3 h5 12. Nc3 Qd7 13. Kh2 0-0-0 14. b3 Bf6 15. Bd2 Kb8 16. e4 dxe4 17. dxe4 Qd3 18. e5 Be7 19. Rf2 Qd7 20. Be3 h4 21. g4 Bxg4 22. hxg4 Qxg4 23. Qe2 Nd4 24. Bxd4 cxd4 25. Nb5 Qxf4+ 26. Kh1 d3 27. Qd2 Qxd2 28. Nxd2 Bb4 29. a3 Bxd2 30. Rxd2 Rhe8 31. Nd6 Re7 32. Rf1 Rxe5 33. Nxf7 Re2 34. Nxd8 Rxd2 35. Nxb7 Ra2 36. Rf8+ Kc7 37. Rf7+ Nd7 38. Nc5 Kd6 39. Rxd7+ Kxc5 40. b4+ Kb6 41. Rd6+ Kc7 42. Rxd3 g5 43. Bf3 Kc8 44. Bd5 Re2 45. Bc6 Kc7 46. b5 a6 47. a4 g4 48. Rd7+ Kb6 49. Rb7+ Kc5 50. Rh7 Ra2 51. Rh5+ Kb6 52. Bd7 Rxa4 53. Rh6+ Kc7 54. Rxa6 Rb4 55. Ra7+ Kb6 56. Ra6+ Kc7 57. Bc6 Rb1+ 58. Kh2 Rb2+ 59. Kg1 Rb1+ 60. Kg2 Rb2+ 61. Kg1 Rb1+ 62. Kh2 g3+ 63. Kg2 Rb2+ 64. Kh3 Rh2+ 65. Kg4 g2 66. Ra1 h3 67. Kg3 Rh1 68. Rxh1 1-0

[Event "Bassano del Grappa Spring op 1st"]
[Site "Bassano del Grappa"]
[Date "2021.03.14"]
[Round "5"]
[White "Shetty, Atulya"]
[Black "Brotto, Alessandro"]
[Result "1-0"]
[WhiteElo "2447"]
[BlackElo "1970"]
[PlyCount "53"]
[EventDate "2021.03.12"]
[EventType "swiss"]
[EventRounds "5"]
[EventCountry "ITA"]
[SourceTitle "CBM 201 Extra"]
[Source "ChessBase"]
[SourceDate "2021.05.31"]
[SourceVersion "1"]
[SourceVersionDate "2021.05.31"]
[SourceQuality "1"]

1. c4 e5 2. g3 Nf6 3. Bg2 c6 4. d4 exd4 5. Qxd4 Qa5+ 6. Nc3 Bc5 7. Qe5+ Kd8 8. Qg5 Bb4 9. Qd2 Re8 10. Qc2 d6 11. Nf3 Bf5 12. Qb3 Nbd7 13. 0-0 Bxc3 14. bxc3 Nc5 15. Qb2 Nfe4 16. Nd4 Bg6 17. f3 Nf6 18. e4 Nfd7 19. Nb3 Qa4 20. Rd1 Kc7 21. Bf4 Ne5 22. Qd2 Ncd3 23. Bxe5 Nxe5 24. Qxd6+ Kb6 25. c5+ Ka6 26. Rd4 Qa3 27. Bf1+ 1-0